|
|
|
|
| LEADER |
00000naa a2200000uu 4500 |
| 001 |
vtls011045101 |
| 003 |
SK-MaSNL |
| 005 |
20260302114604.0 |
| 008 |
210905|1999 xo |||||||||||||||||spa| |
| 015 |
|
|
|a SNBRA
|
| 035 |
|
|
|a (urnnbn)urn:nbn:sk:snk:ar-0091m2
|
| 035 |
|
|
|a (uuid)6736d634-d210-4b6f-9b21-065924a5fe09
|
| 035 |
|
|
|a urn:nbn:sk:snk-aauwwj
|
| 040 |
|
|
|a SNKBUCL
|b slo
|c SNKBUCL
|e AACR2
|
| 041 |
0 |
|
|a spa
|
| 044 |
|
|
|a xo
|c SK
|
| 100 |
1 |
|
|a Cardoso, Laureano
|4 aut
|9 796841
|
| 245 |
1 |
0 |
|a LAUREANO CARDOSO :
|b ENCARGADO DE NEGOCIOS DE LA EMBAJADA DE CUBA
|c LAUREANO CARDOSO
|
| 773 |
0 |
|
|t Iberoamerický svet - horizonty dialógu pre Slovensko
|d Bratislava : Ekonóm, 1999
|g S. 31-32
|z 8022512273
|
| 958 |
|
|
|a OND
|
| 958 |
|
|
|a article12
|
| 958 |
|
|
|a chapter
|
| 999 |
|
|
|c 1260429
|d 1262359
|